000 03641cam a2200349 i 4500
999 _c423
_d423
001 .b13390594
003 OSt
005 20190814113415.0
008 170307s2015 nyuab b 001 0 eng
020 _a9780062316110
_q(pbk.)
035 _a(OCoLC)896791508
_z(OCoLC)870564085
_z(OCoLC)902701563
_z(OCoLC)902837525
_z(OCoLC)903697450
_z(OCoLC)910091157
040 _aDLC
_beng
_cDLC
_dIG#
_dUPZ
_dYDXCP
_dBDX
_dGK8
_dJAI
_dZHB
_dBKL
_dILC
_dJQM
_dUOK
_dYAM
_dAZT
_dDAC
_dOCLCF
_dDAD
_dNDS
_dYBM
_dCOO
_dIXA
_dCIA
_dMEAUC
_dOMB
_dBTCTA
_dTLE
_dOCLCO
_dBUR
_dCGN
_dDEBSZ
_dOCLCO
041 1 _aeng
_hheb
042 _anbic
082 _a909 HAR
100 1 _aHarari, Yuval N.
_eauthor
240 1 0 _aḲitsur toldot ha-enoshut.
_lEnglish.
245 1 0 _aSapiens :
_ba brief history of humankind /
_cYuval Noah Harari.
250 _a1st U.S. ed.
260 _aNew York :
_bHarper,
_cc2015.
300 _a443 p. :
_bill., map ;
_c24 cm.
504 _aIncludes bibliographical references and index.
505 0 _aTimeline of history -- pt. One : The cognitive revolution : An animal of no significance ; The tree of knowledge ; A day in the life of Adam and Eve ; The flood -- pt. Two. The agricultural revolution : History's biggest fraud ; Building pyramids ; Memory overload ; There is no justice in history -- pt. Three. The unification of humankind : The arrow of history ; The scent of money ; Imperial visions ; The law of religion ; The secret of success -- pt. Four. The scientific revolution : The discovery of ignorance ; The marriage of science and empire ; The capitalist creed ; The wheels of industry ; A permanent revolution ; And they lived happily ever after ; The end of Homo sapiens -- Afterword: The animal that became a god.
520 _a"From a renowned historian comes a groundbreaking narrative of humanity's creation and evolution--a #1 international bestseller--that explores the ways in which biology and history have defined us and enhanced our understanding of what it means to be "human." One hundred thousand years ago, at least six different species of humans inhabited Earth. Yet today there is only one--homo sapiens. What happened to the others? And what may happen to us? Most books about the history of humanity pursue either a historical or a biological approach, but Dr. Yuval Noah Harari breaks the mold with this highly original book that begins about 70,000 years ago with the appearance of modern cognition. From examining the role evolving humans have played in the global ecosystem to charting the rise of empires, Sapiens integrates history and science to reconsider accepted narratives, connect past developments with contemporary concerns, and examine specific events within the context of larger ideas .Dr. Harari also compels us to look ahead, because over the last few decades humans have begun to bend laws of natural selection that have governed life for the past four billion years. We are acquiring the ability to design not only the world around us, but also ourselves. Where is this leading us, and what do we want to become? Featuring 27 photographs, 6 maps, and 25 illustrations/diagrams, this provocative and insightful work is sure to spark debate and is essential reading for aficionados of Jared Diamond, James Gleick, Matt Ridley, Robert Wright, and Sharon Moalem"--
_cProvided by publisher.
650 0 _aCivilization
_xHistory.
650 0 _aHuman beings
_xHistory.
650 0 _aWorld history.
650 0 _aChronology, Historical.
650 0 _aTechnology and civilization
_xHistory.
856 4 2 _3Cover image
_ustatic.harpercollins.com/harperimages/isbn/large/7/9780062316097.jpg
942 _2ddc
_cNFIC